Psicología de la enseñanza y desarrollo de personas y comunidades
Guardat en:
| Autor principal: | |
|---|---|
| Format: | Llibre |
| Idioma: | espanyol |
| Publicat: |
Ciudad de México
Fondo de Cultura Económica
2005
|
| Edició: | 1a. ed |
| Matèries: | |
| Etiquetes: |
Afegir etiqueta
Sense etiquetes, Sigues el primer a etiquetar aquest registre!
|
MARC
| LEADER | 00000nam a2200000 a 4500 | ||
|---|---|---|---|
| 001 | UCJ8900 | ||
| 003 | CL-VaPUC | ||
| 008 | 070126e20050000MX |||||||||||||||||spa|d | ||
| 020 | |a 9681675428 | ||
| 082 | 0 | 4 | |a 370.15 |b ORT |2 21 |
| 100 | |a Ortega Ruiz, Rosario |e autora |9 546823 | ||
| 245 | 1 | 0 | |a Psicología de la enseñanza y desarrollo de personas y comunidades |
| 250 | |a 1a. ed | ||
| 300 | |a 343 p | ||
| 942 | |c BK | ||
| 945 | |d 20070126 00:00:00 |a cmena | ||
| 260 | |a Ciudad de México |b Fondo de Cultura Económica |c 2005 | ||
| 650 | 0 | |a Psicología educacional |9 307830 | |
| 650 | 0 | |a Filosofía de la educación |9 258384 | |
| 650 | 0 | |a Cognición |9 270347 | |
| 650 | 0 | |a Constructivismo |9 268156 | |
| 650 | 0 | |a Memoria |9 266549 | |
| 583 | |a last modification |c 20070126 00:00:00 |k Rodrigo Vera | ||
| 999 | |c 324546 |d 324544 | ||
| 952 | |0 0 |1 0 |4 0 |6 370_150000000000000_ORT_2005 |7 0 |8 A |9 404801 |a BIBEDU |b BIBEDU |d 2019-11-22 |i 4321340 |o 370.15 ORT 2005 |p 4321340 |r 2019-11-22 |w 2019-11-22 |y BK |k PSI | ||
| 952 | |0 0 |1 0 |4 0 |6 370_150000000000000_ORT_2005 |7 0 |8 A |9 404802 |a BIBMAT |b BIBMAT |c E_DIDACT |d 2019-11-22 |i 4572432 |o 370.15 ORT 2005 |p 4572432 |r 2025-01-07 |w 2019-11-22 |y BK |k MAT | ||
| 952 | |0 0 |1 0 |4 0 |6 370_150000000000000_ORT_2005 |7 0 |8 A |9 404803 |a BIBMAT |b BIBMAT |c E_DIDACT |d 2019-11-22 |i 4572440 |o 370.15 ORT 2005 |p 4572440 |r 2025-01-07 |w 2019-11-22 |y BK |k MAT | ||